000 00924nam a2200265 i 4500
001 9527
003 ES-MaACL
005 20231214140627.0
007 t|
008 931007s1991 sp |||| | spa d
020 _a84-604-0433-1
080 _a728.81(462/463)"5/12"
080 _a623.1(462/463)"5/12"
080 _a725.18(462/463)"5/12"
245 0 0 _aArquitectura militar castellano-leonesa
_b: significado histórico y glosario, (S.VI-XIII) /
_cMª Isabel Pérez de Tudela y Velasco ... [et al.].
260 _aMadrid :
_bCastellum,
_c1991.
300 _a147 p. ;
_c24 cm.
490 1 _aCastillos y vida histórica ;
_v1
650 1 4 _aArquitectura militar-
_zCastilla.
_910032
650 4 _aArquitectura militar-
_zLeón.
_910034
700 1 _aPérez de Tudela y Velasco, María Isabel
_990811
830 0 _aCastillos y vida histórica ;
_v1
_9179514
852 _aES-MaACL
_jL-16822
999 _c9527
_d9527